[Event "SVK-chT2B 2223"]
[Site "Slovakia"]
[Date "2022.11.27"]
[Round "6.6"]
[White "Zakovic, Jozef"]
[Black "Valovic, Stefan"]
[Result "0-1"]
[WhiteElo "1793"]
[BlackElo "1974"]
[PlyCount "72"]
[EventDate "2022.10.08"]
[EventType "team-tourn"]
[EventRounds "11"]
[EventCountry "SVK"]
[SourceTitle "EXT 2024"]
[Source "ChessBase"]
[SourceDate "2023.10.10"]
[SourceVersion "1"]
[SourceVersionDate "2023.10.10"]
[SourceQuality "1"]
[WhiteTeam "Prievidza"]
[BlackTeam "Tlmace"]
[WhiteTeamCountry "SVK"]
[BlackTeamCountry "SVK"]

1. e4 g6 2. d4 Bg7 3. g3 c5 4. Ne2 cxd4 5. Nxd4 Nc6 6. Nxc6 bxc6 7. Nd2 e6 8. Be2 Ne7 9. 0-0 0-0 10. c3 d5 11. Qc2 Qb6 12. Nb3 c5 13. Be3 d4 14. cxd4 cxd4 15. Bd2 Nc6 16. Rac1 Bb7 17. Nc5 Ne5 18. Nxb7 Qxb7 19. Bd1 Rab8 20. f4 Rfc8 21. Qb3 Rxc1 22. Qxb7 Rxb7 23. Bxc1 Nd3 24. Bb3 Nc5 25. Bd1 Nxe4 26. Bf3 f5 27. b3 Rc7 28. b4 Rc2 29. a4 Nc3 30. a5 Bf8 31. b5 Nxb5 32. h3 Nc3 33. g4 Bc5 34. Kh1 Na2 35. gxf5 gxf5 36. Rg1+ Kf8 0-1

[Event "Tatry op"]
[Site "Tatranske Matliare"]
[Date "2022.05.28"]
[Round "1"]
[White "Nicolini, Alexander"]
[Black "Zakovic, Jozef"]
[Result "1-0"]
[WhiteElo "2156"]
[BlackElo "1750"]
[PlyCount "99"]
[EventDate "2022.05.28"]
[EventType "swiss"]
[EventRounds "9"]
[EventCountry "SVK"]
[SourceTitle "EXT 2024"]
[Source "ChessBase"]
[SourceDate "2023.10.10"]
[SourceVersion "1"]
[SourceVersionDate "2023.10.10"]
[SourceQuality "1"]

1. e4 e5 2. Nf3 Nc6 3. d4 exd4 4. Nxd4 Bc5 5. Be3 Qf6 6. c3 Nge7 7. Bc4 Ne5 8. Be2 Qg6 9. 0-0 d6 10. f3 Bd7 11. Kh1 0-0 12. Nd2 h6 13. Bg1 f5 14. f4 N5c6 15. Nxc6 Bxc6 16. Bh5 Qf6 17. Bxc5 dxc5 18. e5 Qe6 19. Qe2 Rad8 20. Nb3 b6 21. Rad1 Bd5 22. Qf2 Bxb3 23. axb3 Qxb3 24. Bf3 a5 25. g4 Kh8 26. gxf5 Nxf5 27. Rde1 Qe6 28. Be4 Rf7 29. Qg2 Rfd7 30. Qg4 g6 31. Rg1 Kh7 32. h4 h5 33. Bxf5 Qxf5 34. Qxf5 gxf5 35. Rg5 Kh6 36. Rxf5 Rd1 37. Rf6+ Kg7 38. Rxd1 Rxd1+ 39. Kg2 Rd2+ 40. Kf3 Rxb2 41. Rc6 a4 42. Rxc7+ Kf8 43. Ra7 Rb3 44. f5 Rxc3+ 45. Kf4 b5 46. f6 Rc1 47. e6 Rb1 48. Kg5 Kg8 49. Kg6 Rg1+ 50. Kh6 1-0

[Event "SVK-chT3B2 2122"]
[Site "Slovakia"]
[Date "2022.04.24"]
[Round "9.1"]
[White "Rucek, Peter"]
[Black "Zakovic, Jozef"]
[Result "1-0"]
[WhiteElo "1899"]
[BlackElo "1750"]
[PlyCount "67"]
[EventDate "2021.10.24"]
[EventType "team-tourn"]
[EventRounds "11"]
[EventCountry "SVK"]
[SourceTitle "EXT 2024"]
[Source "ChessBase"]
[SourceDate "2023.10.10"]
[SourceVersion "1"]
[SourceVersionDate "2023.10.10"]
[SourceQuality "1"]
[WhiteTeam "Belusa II"]
[BlackTeam "Bojnice"]
[WhiteTeamCountry "SVK"]
[BlackTeamCountry "SVK"]

1. d4 Nf6 2. c4 e6 3. Nf3 b6 4. g3 Bb7 5. Bg2 Be7 6. 0-0 0-0 7. Nc3 Ne4 8. Nd2 Nxc3 9. bxc3 Bxg2 10. Kxg2 Nc6 11. e4 Na5 12. Qe2 Re8 13. f4 Rc8 14. Nf3 d5 15. cxd5 exd5 16. e5 Nc4 17. Nd2 b5 18. a4 a6 19. axb5 axb5 20. Nxc4 bxc4 21. f5 Bg5 22. Qg4 Bxc1 23. Rfxc1 Qd7 24. Qg5 f6 25. Qf4 Ra8 26. e6 Qe7 27. Rcb1 c5 28. Rxa8 Rxa8 29. Rb8+ Rxb8 30. Qxb8+ Qf8 31. Qxf8+ Kxf8 32. dxc5 d4 33. Kf2 d3 34. c6 1-0

[Event "SVK-chT3B2 2122"]
[Site "Slovakia"]
[Date "2022.02.13"]
[Round "4.1"]
[White "Zakovic, Jozef"]
[Black "Reisel, Frantisek"]
[Result "0-1"]
[WhiteElo "1750"]
[BlackElo "1912"]
[PlyCount "90"]
[EventDate "2021.10.24"]
[EventType "team-tourn"]
[EventRounds "11"]
[EventCountry "SVK"]
[SourceTitle "EXT 2023"]
[Source "ChessBase"]
[SourceDate "2022.10.05"]
[SourceVersion "1"]
[SourceVersionDate "2022.10.05"]
[SourceQuality "1"]
[WhiteTeam "Bojnice"]
[BlackTeam "Lehota pod Vtacnikom"]
[WhiteTeamCountry "SVK"]
[BlackTeamCountry "SVK"]

1. e4 d6 2. d4 e5 3. Be3 Nf6 4. Nc3 exd4 5. Bxd4 Nc6 6. Bb5 Bd7 7. Nf3 Be7 8. 0-0 0-0 9. Re1 Nxd4 10. Nxd4 c6 11. Be2 Qc7 12. Nf5 Bxf5 13. exf5 d5 14. Qd3 Rfe8 15. Bf3 Bb4 16. a3 Bd6 17. g3 Re7 18. Rxe7 Qxe7 19. Qe2 Qd7 20. Qd3 Re8 21. Kg2 Re5 22. g4 h6 23. Ne2 Qe7 24. Rh1 Ne4 25. Ng3 Bc5 26. Bxe4 dxe4 27. Qe2 e3 28. fxe3 Bxe3 29. Rf1 f6 30. Qc4+ Kh7 31. Rd1 Bb6 32. Qd3 Qc5 33. Ne4 Qe7 34. Nc3 Ba5 35. b4 Re3 36. Qc4 Bb6 37. Rd2 Qe5 38. Rd3 Re1 39. Rg3 Bd4 40. Kh3 Re3 41. Nd1 Rxg3+ 42. hxg3 Qe1 43. g5 Qh1+ 44. Kg4 Qxd1+ 45. Kf4 Qd2+ 0-1

[Event "SVK-chT2B 2122"]
[Site "Slovakia"]
[Date "2021.10.17"]
[Round "2.5"]
[White "Zakovic, Jozef"]
[Black "Lancz, Ondrej"]
[Result "1/2-1/2"]
[WhiteElo "1749"]
[BlackElo "2016"]
[PlyCount "94"]
[EventDate "2021.10.16"]
[EventType "team-tourn"]
[EventRounds "11"]
[EventCountry "SVK"]
[SourceTitle "EXT 2023"]
[Source "ChessBase"]
[SourceDate "2022.10.05"]
[SourceVersion "1"]
[SourceVersionDate "2022.10.05"]
[SourceQuality "1"]
[WhiteTeam "Prievidza"]
[BlackTeam "Sala Slovan Duslo"]
[WhiteTeamCountry "SVK"]
[BlackTeamCountry "SVK"]

1. e4 g6 2. d4 Bg7 3. Nc3 d6 4. g3 Nf6 5. Bg2 c6 6. Nge2 Qc7 7. h3 Nbd7 8. Be3 e5 9. 0-0 0-0 10. Qd2 Re8 11. Rad1 Bf8 12. Rfe1 b5 13. a3 a5 14. d5 b4 15. Nb1 c5 16. c4 Nb6 17. b3 bxa3 18. Nxa3 a4 19. Nb5 Qd7 20. Qc2 axb3 21. Qxb3 Ba6 22. Nec3 Reb8 23. Rb1 Bxb5 24. Nxb5 Ra4 25. Rec1 Qc8 26. Bd2 Nfd7 27. Bf1 Rba8 28. Bc3 Qd8 29. Ra1 Rxa1 30. Rxa1 Rxa1 31. Bxa1 Qa8 32. Bc3 h5 33. h4 Qd8 34. Be2 Nf6 35. f3 Nfd7 36. Bd2 Qa8 37. Qa3 Qxa3 38. Nxa3 Be7 39. Nb5 Kf8 40. Kf2 Ke8 41. f4 exf4 42. Bxf4 Ne5 43. Bxe5 dxe5 44. Bd3 Kd7 45. Ke2 Bf8 46. Kf3 Be7 47. Ke2 Bf8 1/2-1/2

[Event "SVK-chT2B 2122"]
[Site "Slovakia"]
[Date "2021.10.16"]
[Round "1.4"]
[White "Zakovic, Jozef"]
[Black "Koloditsova, Renata"]
[Result "1/2-1/2"]
[WhiteElo "1749"]
[BlackElo "1912"]
[PlyCount "42"]
[EventDate "2021.10.16"]
[EventType "team-tourn"]
[EventRounds "11"]
[EventCountry "SVK"]
[SourceTitle "EXT 2023"]
[Source "ChessBase"]
[SourceDate "2022.10.05"]
[SourceVersion "1"]
[SourceVersionDate "2022.10.05"]
[SourceQuality "1"]
[WhiteTeam "Prievidza"]
[BlackTeam "Surany"]
[WhiteTeamCountry "SVK"]
[BlackTeamCountry "SVK"]

1. e4 c5 2. Nf3 Nc6 3. d4 cxd4 4. Nxd4 e5 5. Nxc6 bxc6 6. Nc3 Nf6 7. Bd3 Be7 8. 0-0 0-0 9. Bg5 h6 10. Bh4 d6 11. h3 Bb7 12. Re1 Re8 13. Rb1 Nd7 14. Bxe7 Rxe7 15. Bc4 Nf6 16. Qf3 Qc7 17. Rbd1 Rd8 18. Rd2 Red7 19. Red1 Qb8 20. Bb3 Qa8 21. Qf5 Qb8 1/2-1/2

[Event "SVK-chT2B 1920"]
[Site "Slovakia"]
[Date "2020.02.16"]
[Round "9.5"]
[White "Korbela, Lubomir"]
[Black "Zakovic, Jozef"]
[Result "1/2-1/2"]
[WhiteElo "2040"]
[BlackElo "1812"]
[PlyCount "68"]
[EventDate "2019.10.26"]
[EventType "team-tourn"]
[EventRounds "11"]
[EventCountry "SVK"]
[SourceTitle "CBM 195 Extra"]
[Source "ChessBase"]
[SourceDate "2020.05.31"]
[SourceVersion "1"]
[SourceVersionDate "2020.05.31"]
[SourceQuality "1"]
[WhiteTeam "Levice"]
[BlackTeam "Prievidza"]
[WhiteTeamCountry "SVK"]
[BlackTeamCountry "SVK"]

1. e4 b6 2. d4 Bb7 3. Nc3 e6 4. Nf3 Bb4 5. Bd3 Nf6 6. e5 Ne4 7. Bd2 Nxd2 8. Nxd2 d5 9. Ne2 0-0 10. c3 Be7 11. 0-0 c5 12. f4 cxd4 13. cxd4 Ba6 14. Bxa6 Nxa6 15. a3 Qd7 16. Nc3 f6 17. Qe2 Nc7 18. Rac1 fxe5 19. fxe5 Bg5 20. Rxf8+ Rxf8 21. Rf1 Rxf1+ 22. Kxf1 Qf7+ 23. Nf3 Qf4 24. g3 Qf5 25. Kg2 h6 26. Nxg5 Qxg5 27. Nb5 Nxb5 28. Qxb5 Qd2+ 29. Kh3 Qxd4 30. Qe8+ Kh7 31. Qxe6 Qe4 32. Qd6 Qf5+ 33. Kg2 Qc2+ 34. Kh3 Qf5+ 1/2-1/2

[Event "SVK-chT3B2 1920"]
[Site "Slovakia"]
[Date "2020.02.09"]
[Round "8.2"]
[White "Masarik, Drahoslav"]
[Black "Zakovic, Jozef"]
[Result "1/2-1/2"]
[WhiteElo "1902"]
[BlackElo "1795"]
[PlyCount "88"]
[EventDate "2019.10.06"]
[EventType "team-tourn"]
[EventRounds "11"]
[EventCountry "SVK"]
[SourceTitle "CBM 195 Extra"]
[Source "ChessBase"]
[SourceDate "2020.05.31"]
[SourceVersion "1"]
[SourceVersionDate "2020.05.31"]
[SourceQuality "1"]
[WhiteTeam "Trencin II"]
[BlackTeam "Bojnice"]
[WhiteTeamCountry "SVK"]
[BlackTeamCountry "SVK"]

1. Nf3 Nf6 2. c4 d6 3. d4 g6 4. Nc3 Bg7 5. g3 0-0 6. Bg2 c6 7. 0-0 Nbd7 8. e4 e5 9. h3 Re8 10. Be3 exd4 11. Nxd4 Nc5 12. Qc2 a5 13. Rfe1 Qc7 14. Rad1 Bd7 15. Rd2 Rad8 16. Red1 Bc8 17. Nde2 Be6 18. b3 Bf8 19. Bd4 Be7 20. f4 Bc8 21. Kh2 Nh5 22. Bf3 Ng7 23. a3 f5 24. e5 Nge6 25. exd6 Bxd6 26. Bf6 Be7 27. Bxe7 Qxe7 28. b4 axb4 29. axb4 Rxd2 30. Rxd2 Na6 31. b5 Nb4 32. Qb3 Qc5 33. bxc6 Qf2+ 34. Bg2 Nxc6 35. Nd5 Ned4 36. Nxd4 Qxd2 37. Nxc6 bxc6 38. Nf6+ Kf7 39. Nxe8 Kxe8 40. c5 Ke7 41. Qg8 Be6 42. Qxh7+ Kf6 43. Qh4+ Kf7 44. Qh7+ Kf6 1/2-1/2

[Event "SVK-chT2B 1920"]
[Site "Slovakia"]
[Date "2019.12.15"]
[Round "6.6"]
[White "Bielik, Peter"]
[Black "Zakovic, Jozef"]
[Result "1/2-1/2"]
[WhiteElo "1846"]
[BlackElo "1785"]
[PlyCount "93"]
[EventDate "2019.10.26"]
[EventType "team-tourn"]
[EventRounds "11"]
[EventCountry "SVK"]
[SourceTitle "CBM 194 Extra"]
[Source "ChessBase"]
[SourceDate "2020.03.31"]
[SourceVersion "1"]
[SourceVersionDate "2020.03.31"]
[SourceQuality "1"]
[WhiteTeam "Povazske Podhradie"]
[BlackTeam "Prievidza"]
[WhiteTeamCountry "SVK"]
[BlackTeamCountry "SVK"]

1. d4 Nf6 2. c4 d6 3. Nc3 g6 4. e4 Bg7 5. Be2 0-0 6. Be3 e5 7. Rc1 exd4 8. Bxd4 Nc6 9. Be3 Re8 10. f3 Nh5 11. g4 Nf6 12. h4 h5 13. g5 Nh7 14. Nh3 Nf8 15. Nf4 Ne6 16. Nfd5 a6 17. f4 Ned4 18. Bxh5 gxh5 19. Qxh5 Be6 20. f5 Nxf5 21. exf5 Bxf5 22. Kf2 Ne5 23. Rhg1 Bg6 24. Qe2 Nd3+ 25. Kg2 Nxc1 26. Rxc1 c6 27. h5 Be4+ 28. Nxe4 Rxe4 29. Nc3 Re6 30. Qf3 Qe7 31. Bf4 Re8 32. Rf1 Bxc3 33. Qxc3 Re2+ 34. Kg3 Qe4 35. Rf3 Rc2 36. Qf6 Qe2 37. h6 Qg2+ 38. Kh4 Qh1+ 39. Kg4 Rg2+ 40. Bg3 Re4+ 41. Kf5 Re5+ 42. Bxe5 Qb1+ 43. Kf4 Qc1+ 44. Kf5 Qc2+ 45. Kf4 Qd2+ 46. Kf5 Qc2+ 47. Kf4 1/2-1/2

[Event "SVK-chT3B2 1920"]
[Site "Slovakia"]
[Date "2019.11.24"]
[Round "4.2"]
[White "Vyhlidal, Jozef"]
[Black "Zakovic, Jozef"]
[Result "0-1"]
[WhiteElo "2042"]
[BlackElo "1795"]
[PlyCount "48"]
[EventDate "2019.10.06"]
[EventType "team-tourn"]
[EventRounds "11"]
[EventCountry "SVK"]
[SourceTitle "CBM 193 Extra"]
[Source "ChessBase"]
[SourceDate "2020.01.31"]
[SourceVersion "1"]
[SourceVersionDate "2020.01.31"]
[SourceQuality "1"]
[WhiteTeam "Nemsova Horne Srnie"]
[BlackTeam "Bojnice"]
[WhiteTeamCountry "SVK"]
[BlackTeamCountry "SVK"]

1. c4 e5 2. Nc3 Nc6 3. Nf3 g6 4. d4 exd4 5. Nxd4 Bg7 6. Nc2 Nge7 7. e4 d6 8. Be2 Be6 9. Bg5 h6 10. Bh4 Qd7 11. Qd2 a6 12. 0-0-0 0-0-0 13. Nd5 g5 14. Bg3 f5 15. f3 fxe4 16. fxe4 Bg4 17. Rhe1 Ng6 18. Nde3 Bxe2 19. Rxe2 Qe6 20. Nf5 Be5 21. Qd5 Qd7 22. Bxe5 Ngxe5 23. Red2 Ne7 24. Nce3 Nxd5 0-1

[Event "SVK-chT3B2 1920"]
[Site "Slovakia"]
[Date "2019.11.03"]
[Round "3.2"]
[White "Zakovic, Jozef"]
[Black "Slotik, Igor"]
[Result "1/2-1/2"]
[WhiteElo "1795"]
[BlackElo "1920"]
[PlyCount "74"]
[EventDate "2019.10.06"]
[EventType "team-tourn"]
[EventRounds "11"]
[EventCountry "SVK"]
[SourceTitle "CBM 193 Extra"]
[Source "ChessBase"]
[SourceDate "2020.01.31"]
[SourceVersion "1"]
[SourceVersionDate "2020.01.31"]
[SourceQuality "1"]
[WhiteTeam "Bojnice"]
[BlackTeam "Dubnica nad Vahom IV"]
[WhiteTeamCountry "SVK"]
[BlackTeamCountry "SVK"]

1. e4 d5 2. exd5 Qxd5 3. Nc3 Qa5 4. d4 Nf6 5. Bd2 c6 6. Nf3 Bf5 7. Be2 e6 8. Ne4 Qc7 9. Nxf6+ gxf6 10. c3 Nd7 11. Nh4 Bg6 12. Nxg6 hxg6 13. h3 Nb6 14. Qc2 Nd5 15. 0-0-0 0-0-0 16. Kb1 Nf4 17. Bxf4 Qxf4 18. Bf3 Be7 19. Qe4 Qxe4+ 20. Bxe4 f5 21. Bd3 c5 22. dxc5 Bxc5 23. f3 f4 24. Bc4 Rxd1+ 25. Rxd1 Re8 26. Kc2 Re7 27. Kd3 e5 28. Kc2 f5 29. b4 Bf2 30. Rd6 e4 31. fxe4 fxe4 32. Re6 Rxe6 33. Bxe6+ Kc7 34. Bd5 e3 35. Bf3 b6 36. Kd3 a5 37. bxa5 bxa5 1/2-1/2

[Event "SVK-chT2B 1819"]
[Site "Slovakia"]
[Date "2019.04.06"]
[Round "10.8"]
[White "Capak, Stefan"]
[Black "Zakovic, Jozef"]
[Result "1/2-1/2"]
[WhiteElo "1933"]
[BlackElo "1758"]
[PlyCount "73"]
[EventDate "2018.10.13"]
[EventType "team-tourn"]
[EventRounds "11"]
[EventCountry "SVK"]
[SourceTitle "EXT 2020"]
[Source "ChessBase"]
[SourceDate "2019.10.17"]
[SourceVersion "1"]
[SourceVersionDate "2019.10.17"]
[SourceQuality "1"]
[WhiteTeam "Povazska Bystrica"]
[BlackTeam "Prievidza"]
[WhiteTeamCountry "SVK"]
[BlackTeamCountry "SVK"]

1. d4 Nf6 2. Nf3 d6 3. g3 g6 4. Bg2 Bg7 5. 0-0 0-0 6. c4 Nbd7 7. Nc3 e5 8. Bg5 c6 9. Qd2 Qc7 10. Bh6 Re8 11. Bxg7 Kxg7 12. Rac1 Nf8 13. Rfd1 a6 14. b3 Bf5 15. dxe5 dxe5 16. Qd6 Qxd6 17. Rxd6 Re7 18. Rcd1 Rae8 19. e3 Ne4 20. Nxe4 Bxe4 21. Ne1 Bxg2 22. Kxg2 f6 23. f3 Kf7 24. Nc2 Re6 25. R6d2 R6e7 26. e4 Rc7 27. Kf2 Ke7 28. Ke3 Rd7 29. Rxd7+ Nxd7 30. Kd3 Rd8 31. Kc3 Nc5 32. Rxd8 Kxd8 33. b4 Ne6 34. c5 a5 35. a3 Kc7 36. Kc4 axb4 37. axb4 1/2-1/2

[Event "SVK-chT3B2 1819"]
[Site "Slovakia"]
[Date "2019.01.13"]
[Round "5.3"]
[White "Jurik, Karol"]
[Black "Zakovic, Jozef"]
[Result "1-0"]
[WhiteElo "1851"]
[BlackElo "1779"]
[PlyCount "55"]
[EventDate "2018.10.21"]
[EventType "team-tourn"]
[EventRounds "11"]
[EventCountry "SVK"]
[SourceTitle "CBM 189 Extra"]
[Source "ChessBase"]
[SourceDate "2019.06.03"]
[SourceVersion "1"]
[SourceVersionDate "2019.06.03"]
[SourceQuality "1"]
[WhiteTeam "Lehota pod Vtacnikom"]
[BlackTeam "Bojnice"]
[WhiteTeamCountry "SVK"]
[BlackTeamCountry "SVK"]

1. e4 b6 2. d4 Bb7 3. Nc3 e6 4. a3 Nf6 5. Bg5 Be7 6. e5 Nd5 7. Bxe7 Nxe7 8. Nf3 0-0 9. Bd3 d6 10. Bxh7+ Kh8 11. Be4 d5 12. Bd3 g6 13. h4 Kg7 14. Ng5 c5 15. Qg4 cxd4 16. Qxd4 Nbc6 17. Qf4 Nf5 18. Bxf5 exf5 19. 0-0-0 d4 20. h5 Rh8 21. hxg6 Kxg6 22. Nf3 f6 23. e6 Ne5 24. Nh4+ Kg7 25. Nxf5+ Kg6 26. Nxd4 Rxh1 27. Rxh1 Kg7 28. Qh6+ 1-0

[Event "SVK-chT2B 1718"]
[Site "Slovakia"]
[Date "2018.03.17"]
[Round "10.6"]
[White "Zahorsky, Robert"]
[Black "Zakovic, Jozef"]
[Result "1-0"]
[WhiteElo "1916"]
[BlackElo "1776"]
[PlyCount "87"]
[EventDate "2017.10.28"]
[EventType "team-tourn"]
[EventRounds "11"]
[EventCountry "SVK"]
[SourceTitle "EXT 2020"]
[Source "ChessBase"]
[SourceDate "2019.10.17"]
[SourceVersion "1"]
[SourceVersionDate "2019.10.17"]
[SourceQuality "1"]
[WhiteTeam "Tlmace"]
[BlackTeam "Prievidza"]
[WhiteTeamCountry "SVK"]
[BlackTeamCountry "SVK"]

1. d4 Nf6 2. c4 d6 3. Nf3 g6 4. g3 Bg7 5. Bg2 0-0 6. 0-0 c6 7. b3 Re8 8. Bb2 Nbd7 9. Qc2 e5 10. dxe5 dxe5 11. Rd1 Qc7 12. Nc3 b6 13. Ng5 Bb7 14. Nge4 Nxe4 15. Nxe4 Re6 16. c5 h6 17. Ba3 Ba6 18. Rac1 f5 19. Rd6 Rae8 20. Rcd1 Nb8 21. cxb6 axb6 22. Rxe6 Rxe6 23. Qd2 fxe4 24. Qd8+ Qxd8 25. Rxd8+ Kf7 26. Rxb8 e3 27. Rxb6 exf2+ 28. Kxf2 Bb5 29. Rb7+ Kg8 30. Be4 h5 31. Be7 Bh6 32. a4 Ba6 33. Ra7 Bc8 34. Bd3 Kh8 35. Bc4 e4 36. Bxe6 e3+ 37. Kf1 Bxe6 38. Bf6+ Kg8 39. Rb7 Bd5 40. a5 Bf8 41. Be7 Bg7 42. Bc5 Bc3 43. a6 Be6 44. a7 1-0

[Event "SVK-chT2B 1718"]
[Site "Slovakia"]
[Date "2018.02.25"]
[Round "9.7"]
[White "Zakovic, Jozef"]
[Black "Vanya, Attila"]
[Result "1/2-1/2"]
[WhiteElo "1808"]
[BlackElo "1770"]
[PlyCount "38"]
[EventDate "2017.10.28"]
[EventType "team-tourn"]
[EventRounds "11"]
[EventCountry "SVK"]
[SourceTitle "EXT 2019"]
[Source "ChessBase"]
[SourceDate "2018.10.10"]
[SourceVersion "1"]
[SourceVersionDate "2018.10.10"]
[SourceQuality "1"]
[WhiteTeam "Prievidza"]
[BlackTeam "Nove Zamky"]
[WhiteTeamCountry "SVK"]
[BlackTeamCountry "SVK"]

1. e4 e5 2. Nf3 Nf6 3. Nc3 Nc6 4. Bb5 Bc5 5. d3 Ng4 6. 0-0 Nxf2 7. Rxf2 Bxf2+ 8. Kxf2 0-0 9. Bxc6 dxc6 10. Kg1 Bg4 11. Be3 Qe7 12. Qe2 Rad8 13. Qf2 b6 14. Rf1 Bxf3 15. Qxf3 Qb4 16. Bc1 Qd4+ 17. Be3 Qb4 18. Bc1 Qd4+ 19. Be3 Qb4 1/2-1/2

[Event "SVK-chT3B2 1617"]
[Site "Slovakia"]
[Date "2017.03.05"]
[Round "9.3"]
[White "Krisko, Milan"]
[Black "Zakovic, Jozef"]
[Result "0-1"]
[WhiteElo "1793"]
[BlackElo "1808"]
[PlyCount "78"]
[EventDate "2016.10.16"]
[EventType "team-tourn"]
[EventRounds "11"]
[EventCountry "SVK"]
[SourceTitle "EXT 2020"]
[Source "ChessBase"]
[SourceDate "2019.10.17"]
[SourceVersion "1"]
[SourceVersionDate "2019.10.17"]
[SourceQuality "1"]
[WhiteTeam "Handlova"]
[BlackTeam "Bojnice"]
[WhiteTeamCountry "SVK"]
[BlackTeamCountry "SVK"]

1. e4 e5 2. Nf3 Nc6 3. Bb5 a6 4. Ba4 Nf6 5. 0-0 Be7 6. Re1 b5 7. Bb3 d6 8. c3 0-0 9. h3 Na5 10. Bc2 c5 11. d4 cxd4 12. cxd4 Qc7 13. Be3 Bb7 14. Nbd2 Rac8 15. Rc1 Qb8 16. d5 Nc4 17. Nxc4 Rxc4 18. Bd3 Rxc1 19. Qxc1 Nd7 20. Qd2 f5 21. Bg5 Bxg5 22. Nxg5 fxe4 23. Bxe4 Nf6 24. Bf3 Qa8 25. Ne6 Rf7 26. Qa5 h6 27. Nd8 Rf8 28. Nxb7 Qxb7 29. Qd2 Rc8 30. Rc1 Rxc1+ 31. Qxc1 Kf8 32. Qc6 Qxc6 33. dxc6 Ne8 34. Kf1 Ke7 35. Ke2 Nc7 36. Kd3 d5 37. Bg4 Kd6 38. Bd7 Ne6 39. b4 Nd4 0-1

[Event "SVK-chT3B2 1617"]
[Site "Slovakia"]
[Date "2016.10.16"]
[Round "1.4"]
[White "Kutny, Marian1111"]
[Black "Zakovic, Jozef"]
[Result "0-1"]
[WhiteElo "1567"]
[BlackElo "1808"]
[PlyCount "84"]
[EventDate "2016.10.16"]
[EventType "team-tourn"]
[EventRounds "11"]
[EventCountry "SVK"]
[SourceTitle "CBM 175 Extra"]
[Source "ChessBase"]
[SourceDate "2016.12.12"]
[SourceVersion "1"]
[SourceVersionDate "2016.12.12"]
[SourceQuality "1"]
[WhiteTeam "Belusa"]
[BlackTeam "Bojnice"]
[WhiteTeamCountry "SVK"]
[BlackTeamCountry "SVK"]

1. e4 e5 2. Bc4 Bc5 3. Nf3 d6 4. h3 Nf6 5. d3 h6 6. Nc3 c6 7. Bd2 b5 8. Bb3 a5 9. a4 b4 10. Ne2 Na6 11. 0-0 0-0 12. Ng3 Be6 13. Bxe6 fxe6 14. b3 Qe7 15. Qc1 Kh7 16. Be3 Rac8 17. Nd2 Bxe3 18. fxe3 d5 19. Nf3 dxe4 20. dxe4 Nc5 21. c4 Ncxe4 22. Qc2 Qc5 23. Rfe1 g6 24. Nxe4 Nxe4 25. Qxe4 Rf5 26. Rad1 Rcf8 27. Nh4 Rg5 28. Rd7+ Kg8 29. Rf1 Rgf5 30. Rxf5 exf5 31. Qd3 e4 32. Kh1 exd3 33. Rxd3 Kg7 34. Nf3 Kf6 35. h4 Re8 36. Nd4 Rxe3 37. Rxe3 Qxd4 38. Rf3 g5 39. hxg5+ hxg5 40. Rh3 g4 41. Rh6+ Kg5 42. Rxc6 g3 0-1

[Event "SVK-chT2B 1516"]
[Site "Slovakia"]
[Date "2016.03.12"]
[Round "10.4"]
[White "Dvoranova, Maria"]
[Black "Zakovic, Jozef"]
[Result "1-0"]
[WhiteElo "1918"]
[BlackElo "1809"]
[PlyCount "55"]
[EventDate "2015.10.17"]
[EventType "team-tourn"]
[EventRounds "11"]
[EventCountry "SVK"]
[SourceTitle "EXT 2019"]
[Source "ChessBase"]
[SourceDate "2018.10.10"]
[SourceVersion "1"]
[SourceVersionDate "2018.10.10"]
[SourceQuality "1"]
[WhiteTeam "Surany Lokomotiva"]
[BlackTeam "Bojnice SK PRM"]
[WhiteTeamCountry "SVK"]
[BlackTeamCountry "SVK"]

1. Nf3 d6 2. d4 Nf6 3. c4 g6 4. Nc3 Bg7 5. e4 0-0 6. Be2 e5 7. d5 a5 8. h3 Na6 9. Be3 b6 10. a3 Bd7 11. Nd2 Nc5 12. b4 axb4 13. axb4 Nb7 14. 0-0 Qe7 15. Qc2 Rfb8 16. Ra2 Qe8 17. Rfa1 Qc8 18. Ra7 Rxa7 19. Rxa7 Ra8 20. Qa2 Rxa7 21. Qxa7 Nd8 22. c5 Bxh3 23. gxh3 Qxh3 24. Qb8 Qd7 25. cxb6 cxb6 26. Bxb6 Qh3 27. Bxd8 Ng4 28. Be7+ 1-0

[Event "SVK-chT2B 1516"]
[Site "Slovakia"]
[Date "2015.11.08"]
[Round "4.4"]
[White "Berza, Stefan"]
[Black "Zakovic, Jozef"]
[Result "1-0"]
[WhiteElo "2037"]
[BlackElo "1821"]
[PlyCount "125"]
[EventDate "2015.10.17"]
[EventType "team-tourn"]
[EventRounds "11"]
[EventCountry "SVK"]
[SourceTitle "EXT 2019"]
[Source "ChessBase"]
[SourceDate "2018.10.10"]
[SourceVersion "1"]
[SourceVersionDate "2018.10.10"]
[SourceQuality "1"]
[WhiteTeam "Komarno KSC"]
[BlackTeam "Bojnice SK PRM"]
[WhiteTeamCountry "SVK"]
[BlackTeamCountry "SVK"]

1. e4 e5 2. d4 exd4 3. c3 d6 4. Bc4 Nf6 5. Nf3 Be7 6. e5 dxe5 7. Nxe5 0-0 8. 0-0 Nbd7 9. cxd4 Nxe5 10. dxe5 Qxd1 11. Rxd1 Ne4 12. Be3 Bc5 13. Bxc5 Nxc5 14. Nc3 Be6 15. Bxe6 Nxe6 16. Rd7 Rfd8 17. Rad1 a6 18. g3 Rxd7 19. Rxd7 Rd8 20. Rxd8+ Nxd8 21. f4 Kf8 22. Kf2 Ke7 23. Ke3 h6 24. Ke4 Kd7 25. h4 Ne6 26. b4 Nd8 27. f5 Nc6 28. a3 Nd8 29. g4 Nc6 30. Nd5 Nd8 31. Nf4 Ke7 32. Kd5 b6 33. Nh5 c6+ 34. Kd4 Kf8 35. Ng3 Ke7 36. Ne4 Nb7 37. Kc4 Kd7 38. Kd4 Ke7 39. Ng3 Nd8 40. Nh5 Kf8 41. Kc4 Kg8 42. Ng3 Kf8 43. Kd4 Ke7 44. Ne4 Nb7 45. Nd2 Kd7 46. Nc4 b5 47. Nd2 a5 48. Nb3 axb4 49. axb4 Ke7 50. Nc5 Nd8 51. Kc3 Ke8 52. Nb3 Kd7 53. Na5 Kc7 54. Kd4 Kb6 55. Nb3 Kc7 56. Nc5 f6 57. Ne6+ Nxe6+ 58. fxe6 fxe5+ 59. Kxe5 c5 60. bxc5 b4 61. Kd4 Kd8 62. c6 Kc7 63. e7 1-0